000
00321nam a22001337a 4500
008
171018b xxu||||| |||| 00| 0 eng d
020
_a
9780132338233
041
_a
eng
080
_2
2ND
_a
338
100
_a
53
101
_a
MEN
245
_a
STRATEGIC MANAGEMENT AND COMPETITIVE ADVANTAGE
_c
BARNEY,J.B
942
_2
udc
_c
BK
999
_c
34571
_d
34571